000 nam a22 7a 4500
999 _c128792
_d128792
008 190121b xxu||||| |||| 00| 0 eng d
050 _aSPC. QH368.H638
100 _aHowell, Clark
_944054
245 _aEarly man
_cClark Howell
260 _aNederland
_bTime-Life International
_c1964
300 _a200p. ;
_c28cm.
650 _aMan
_xOrigin
_938181
650 _aMan, Prehistoric
_921549
942 _2lcc
_cSPC